000 00686nam a22001935i 4500
001 158793
003 ES-MaACL
005 20230906211323.0
008 040907s1800 xxkaf |||| | eng d
040 _aCAM
_bspa
_cCAM
100 1 _aMarmontel, Jean-François.
_9129519
245 1 0 _aMoral tales /
_cby M. Marmontel; vol. I.
250 _aA new edition.
260 _aLondon :
_bprinted for Cadell and Davis ...[et al.] by J. Cundee,
_c1800.
300 _a[2], III, [1] en bl., 260 p., [10] h. de grab. ;
_c12º.
597 _aSign.: []\p1\s, a\p2\s, B-L\p12\s, M\p8\s, N\p2\s.
599 _aLas h. de grab. calc.: "W. Sharp, sculp."
852 _aES-MaACL
_jG-10546
_z-- Enc. hol.
999 _c158793
_d158793